South Eastern Kenya University

Library Online Public Access Catalogue


Accounting principles and applications / (Record no. 9106)

MARC details
000 -LEADER
fixed length control field 00621pam a2200181 a 4500
020 ## - ISBN
International Standard Book Number 0538811633
050 00 - LIBRARY OF CONGRESS CALL NUMBER
Classification Number HF5635
Item Number .S61 1993
100 1# - MAIN ENTRY--Author
Personal name Skousen, K. Fred.
245 10 - TITLE
Title Accounting principles and applications /
250 ## - EDITIONSTATEMENT
Edition statement 4th ed. /
Remainder of edition statement K. Fred Skousen, Harold Q. Langenderfer, W. Steve Albrecht.
260 ## - PUBLICATION, DISTRIBUTION, ETC.(IMPRINT)
Place of publication, distribution, etc Cincinnati, Ohio :
Name of publisher, distributor, etc College Division, South-Western Pub.,
Date of publication, distribution, etc c1993.
300 ## - PHYSICAL DESCRIPTION
Extent xiv, 1233 p. :
500 ## - GENERALNOTE
General note Rev. ed. of: Accounting / K. Fred Skousen ... [et al.]. 3rd ed. c1987.
650 ## - SUBJECT--TOPIC
General subdivision Accounting.
700 1# - ADDED ENTRY--PERSONAL AUTHOR
Personal Name Langenderfer, Harold Q.
700 1# - ADDED ENTRY--PERSONAL AUTHOR
Personal Name Albrecht, W. Steve.
942 ## - ADDED ENTRY ELEMENTS(KOHA)
Source of classification or shelving scheme Library of Congress Classification
Koha item type General circulation
Holdings
Source of classification or shelving scheme Not for loan Location (home branch) Sublocation (holding branch) Date accessioned Source of acquisition Full call number Barcode Koha item type
Library of Congress Classification   Kitui Town Campus Library Kitui Town Campus Library 22/09/2015 Donation - Books for Africa HF 5635 .S61 1993 2015/005870 General circulation
Library of Congress Classification   Main Campus Library Main Campus Library 11/02/2021   [KTI] HF 5635 .S61 1993   General circulation
Kitui, Kenya.
+254736116989
library@seku.ac.ke